| 000 | 00391nam a2200157Ia 4500 | ||
|---|---|---|---|
| 008 | 210716s2008 xx 000 0 und d | ||
| 020 | _a9788180545573 | ||
| 041 | _aeng | ||
| 082 | _a332.12 VARP | ||
| 100 | _aVarshney, P N. | ||
| 245 | _aBanking law and practice. | ||
| 250 | _a1 | ||
| 260 |
_aNew Delhi _bSulthan Chand and Sons _c2008 |
||
| 300 | _a4.285,5.42,A.66 | ||
| 650 | _aBanking | ||
| 999 |
_c203353 _d203353 |
||